Normal view
MARC view
Entry Personal Name
001 - CONTROL NUMBER
- control field: 3754
003 - CONTROL NUMBER IDENTIFIER
- control field: AM-YEHGA
005 - DATE AND TIME OF LATEST TRANSACTION
- control field: 20250617070446.0
008 - FIXED-LENGTH DATA ELEMENTS
- fixed length control field: 090420 a|ac|n|aab||||||||||||a |n|||||||
040 ## - CATALOGING SOURCE
- Original cataloging agency: AM-YEHGA
100 1# - HEADING--PERSONAL NAME
- Personal name: Հասրաթյան, Սենոր Ռաֆայելի,
- Dates associated with a name: 1963-
400 1# - SEE FROM TRACING--PERSONAL NAME
- Personal name: Հասրաթյան, Սենոր Ռաֆայելի
400 1# - SEE FROM TRACING--PERSONAL NAME
- Personal name: Հասրաթյան, Սենոր,
- Dates associated with a name: 1963-
400 1# - SEE FROM TRACING--PERSONAL NAME
- Personal name: Հասրաթյան, Սենոր
400 1# - SEE FROM TRACING--PERSONAL NAME
- Personal name: Асратян Сенор Рафаелович,
- Dates associated with a name: 1963-
400 1# - SEE FROM TRACING--PERSONAL NAME
- Personal name: Асратян Сенор Рафаелович
400 1# - SEE FROM TRACING--PERSONAL NAME
- Personal name: Hasratyan, Senor Rafayeli,
- Dates associated with a name: 1963-
400 1# - SEE FROM TRACING--PERSONAL NAME
- Personal name: Hasratyan, Senor Rafayeli
670 ## - SOURCE DATA FOUND
- Source citation: Պաշտպանության բանակի պաշտպանական շրջանները Ղարաբաղյան պատերազմի գլխավոր ռազմագործողություններում, 2008 :
- Information found: Հասրաթյան Սենոր Ռաֆայելի (ծ. 16.7.1963, ԼՂՀ Մարտունու շրջ. Կարմիր շուկա ավանում), զինվորական լրագրող, մանկավարժ:
670 ## - SOURCE DATA FOUND
- Source citation: Գեներալ Իվանյան = Генерал Иванян, 2004 :
- Information found: տիտղթ. (Սենոր Ռաֆայելի Հասրաթյան)
670 ## - SOURCE DATA FOUND
- Source citation: Մարտանցում : (ՊԲ կենտրոնական պաշտպանական շրջանի մարտական ուղու համառոտ պատմությունը), 2001 :
- Information found: տիտղթ. (Սենոր Հասրաթյան)
ՀՀ Գիտությունների ազգային ակադեմիայի հիմնարար գիտական գրադարան = Fundamental Scientific Library of NAS RA
All site content, except where otherwise noted, is licensed under a